Normal view
MARC view
- Physics.
Entry Topical Term
001 - CONTROL NUMBER
- control field: 103973
003 - CONTROL NUMBER IDENTIFIER
- control field: NUST
005 - DATE AND TIME OF LATEST TRANSACTION
- control field: 20221202101952.0
008 - FIXED-LENGTH DATA ELEMENTS
- fixed length control field: 221202|| aca||aabn | a|a d
040 ## - CATALOGING SOURCE
- Original cataloging agency: NUST
- Transcribing agency: NUST
150 ## - HEADING--TOPICAL TERM
- Topical term or geographic name entry element: Physics.
- Topical term or geographic name entry element: Physics
670 ## - SOURCE DATA FOUND
- Source citation: Work cat.: (NUST)184480: Theimer, Otto H. Theimer, Otto H. 103972, A gentleman's guide to Modern Physics / , [1973]
